[Event "GER-chT School WK H+R"]
[Site "Playchess.com INT"]
[Date "2020.06.17"]
[Round "4.3"]
[White "Fahlbusch, Niclas"]
[Black "Graws, Alexander"]
[Result "1-0"]
[WhiteElo "1636"]
[BlackElo "1667"]
[PlyCount "51"]
[EventDate "2020.06.10"]
[EventType "team-swiss (blitz)"]
[EventRounds "7"]
[EventCountry "GER"]
[SourceTitle "EXT 2021"]
[Source "ChessBase"]
[SourceDate "2020.10.23"]
[SourceVersion "1"]
[SourceVersionDate "2020.10.23"]
[SourceQuality "1"]
[WhiteTeam "Hasbergen Oberschule"]
[BlackTeam "Aschersleben Adam Olearius"]
[WhiteTeamCountry "GER"]
[BlackTeamCountry "GER"]

1. d4 d5 2. Nc3 Nf6 3. Bf4 Nc6 4. e3 e6 5. Nf3 Bb4 6. Qd2 0-0 7. Bd3 h6 8. Ne5 Nxe5 9. Bxe5 b6 10. f3 Bb7 11. 0-0-0 Qe7 12. g4 Nh7 13. h4 f6 14. Bg3 a6 15. f4 Rae8 16. g5 fxg5 17. hxg5 hxg5 18. Bxh7+ Kf7 19. fxg5 Qxg5 20. Rdf1+ Ke7 21. Rxf8 Rxf8 22. Bh4 Bxc3 23. Qxc3 Kf6 24. Bxg5+ Kxg5 25. Qxc7 Rf3 26. Qxg7# 1-0